00654nam a2200217Ia 4500003000900000008004100009020001800050040001600068080001500084100001700099245010000116260003500216300001600251490003500267650004100302650001700343650001900360700001900379700001800398700002000416IN-BaIIA211028s9999 xx 000 0 eng d a0-306-41097-4 cIIA Library a52-47bBUR aBurke, P. G. 0aAtoms in astrophysicscP. G. Burke…[et al.]  aNew YorkbAcademic Pressc1983 axvii, 356p. aPhysics of atoms and molecules aAstronomy and Astrophysics Thesaurus aAstrophysics aAtomic Physics aEissner, W. B. aHummer, D. G. aPercival, I. C.